Nuestras necesidades futuras / (Registro nro. 11888)

Detalles MARC
000 -LIDER
fixed length control field 00486nam a2200181 4500
003 - IDENTIFICACDOR DE NÚMERO DE CONTROL
control field DO-SdBNP
005 - DATE AND TIME OF LATEST TRANSACTION
control field 20180207105815.0
008 - ELEMENTOS DE LONGITUD FIJA
fixed length control field 161110b1982 mx||||| |||| 00| 0 spa d
020 ## - ISBN
International Standard Book Number 9682606217
040 ## - FUENTE DE CATALOGACIÓN
Agencia que crea de manera original el registro BPMSU
Idioma de catalogación spa
Agencia que realiza la transcripción BPMSU
100 1# - ASIENTO PRINCIPAL -- NOMBRE PERSONAL
Nombre personal Ardley, Neil
245 1# - MENCIÓN DE TITULO
Título Nuestras necesidades futuras /
Mención de responsabilidad Neil Ardley
260 ## - PUBLICACIÓN, DISTRIBUCIÓN, ETC. (PIE DE IMPRENTA)
Lugar de publicación, distribución, etc México :
Nombre del editor, distribuidor, etc. Continental ,
Fecha de publicación, distribución, etc 1982
300 ## - DESCRIPCIÓN FÍSICA
Extensión 35 p. :
Otros detalles físicos il. :
Dimensiones 35 cm
942 ## - ADDED ENTRY ELEMENTS (KOHA)
Source of classification or shelving scheme Dewey Decimal Classification
Koha item type Libros
945 ## - INFORMACIÓN DE PROCESAMIENTO LOCAL
Información de procesamiento local Inventariado, 2018/MFF
956 ## - LOCAL ELECTRONIC LOCATION AND ACCESS (OCLC)
Nombre de host dgarcia
Existencias
Withdrawn status Lost status Source of classification or shelving scheme Damaged status Not for loan Collection code Home library Current library Date acquired Source of acquisition Total Checkouts Barcode Date last seen Price effective from Koha item type
    Dewey Decimal Classification     Colección Juvenil General Biblioteca Pública Metropolitana Salomé Ureña Biblioteca Pública Metropolitana Salomé Ureña 11/10/2016 Donado   BPMSU16111166 11/10/2016 11/10/2016 Libros